Television Ki Kahani (Record no. 13007)

MARC details
000 -LEADER
fixed length control field 00341nam a22001457a 4500
003 - CONTROL NUMBER IDENTIFIER
control field SGT
020 ## - INTERNATIONAL STANDARD BOOK NUMBER
International Standard Book Number 9788126714599
082 ## - DEWEY DECIMAL CLASSIFICATION NUMBER
Classification number 384.3
Item number T08K
100 ## - MAIN ENTRY--PERSONAL NAME
Personal name Mukesh Kumar Shyam Kashyap
245 ## - TITLE STATEMENT
Title Television Ki Kahani
260 ## - PUBLICATION, DISTRIBUTION, ETC. (IMPRINT)
Place of publication, distribution, etc NEW DELHI
Name of publisher, distributor, etc RAJKAMAL PRAKASHAN
Year of Publication 2008
300 ## - PAGE DESCRIPTION
No. of Pages 268
650 ## - SUBJECT ADDED ENTRY--TOPICAL TERM
Topical term or geographic name as entry element MASS COMMUNICATION
942 ## - ADDED ENTRY ELEMENTS (KOHA)
Source of classification or shelving scheme Dewey Decimal Classification
Koha item type Books
Holdings
Withdrawn status Lost status Source of classification or shelving scheme Damaged status Not for loan Collection code Home library Current library Shelving location Date acquired Vendor Name Cost, normal purchase price SGTU Bill Number Total Checkouts Full call number Accession No. (Barcode) Date last seen Date last borrowed Bill Date Koha item type
    Dewey Decimal Classification     MASS COMMUNICATION SGT Science & Social Sciences Library SGT Science & Social Sciences Library Text Book 12/08/2017 VANI PRAKASHAN 850.00 SGTU GV233 1 384.3 T08K MC276 21/02/2019 09/02/2019 10/12/2016 Books
    Dewey Decimal Classification     MASS COMMUNICATION SGT Science & Social Sciences Library SGT Science & Social Sciences Library Text Book 12/08/2017 VANI PRAKASHAN 850.00 SGTU GV233   384.3 T08K MC277 12/08/2017   10/12/2016 Books
    Dewey Decimal Classification     MASS COMMUNICATION SGT Science & Social Sciences Library SGT Science & Social Sciences Library Text Book 12/08/2017 VANI PRAKASHAN 850.00 SGTU GV233   384.3 T08K MC278 12/08/2017   10/12/2016 Books
    Dewey Decimal Classification     MASS COMMUNICATION SGT Science & Social Sciences Library SGT Science & Social Sciences Library Text Book 12/08/2017 VANI PRAKASHAN 850.00 SGTU GV233 2 384.3 T08K MC279 27/10/2025 09/09/2025 10/12/2016 Books
    Dewey Decimal Classification     MASS COMMUNICATION SGT Science & Social Sciences Library SGT Science & Social Sciences Library Text Book 12/08/2017 VANI PRAKASHAN 850.00 SGTU GV233   384.3 T08K MC280 12/08/2017   10/12/2016 Books